| 000 | 00700nam a2200229Ia 4500 | ||
|---|---|---|---|
| 005 | 20220627111635.0 | ||
| 008 | 210716s2010 xx 000 0 und d | ||
| 020 | _a9780230636590 | ||
| 040 | _cAIMIT LIBRARY | ||
| 041 | _aeng | ||
| 082 |
_a003 _23 _bSHAJ |
||
| 100 |
_aSharma, J K. _945352 |
||
| 245 |
_aOperations research : _bproblems and solutions / _cBy J K Sharma. |
||
| 250 | _a3rd ed. | ||
| 260 |
_aNew Delhi ; _bMacmillan India Ltd , _c2010. |
||
| 300 |
_a894p, ; _c29cm. |
||
| 650 |
_aLinear programming: simplex method _945353 |
||
| 650 |
_aSensitivity analysis _945354 |
||
| 650 |
_aGoal programming _945355 |
||
| 650 |
_aInmventory control _945356 |
||
| 942 |
_2ddc _cBK _e3rd _k003SHAJ |
||
| 999 |
_c205870 _d205870 |
||